000 00319nam a2200157Ia 4500
100 _aGrover/Chris
650 _aFlash
942 _cBK
366 _f20
245 _aFlash CS5 The missing manual
260 _bSPD
_c2010
082 _a005.133F
_bGRO
300 _a756
546 _aENGLISH
_cComputers
999 _c33779
_d33779